| 000 | 01068nam a2200265 i 4500 | ||
|---|---|---|---|
| 001 | 18705 | ||
| 003 | ES-MaACL | ||
| 005 | 20250728111043.0 | ||
| 007 | t| | ||
| 008 | 020304s1884 sp |||| | spa d | ||
| 040 | _cES-MaACL | ||
| 080 | _a299.31 | ||
| 100 | 1 |
_aMélida y Alinari, José Ramón, _d1856-1933 _979969 _eaut |
|
| 245 | 1 | 3 |
_aLa religión egipcia : _bconferencia leída en el Ateneo Científico, Literario y Artístico de Madrid la noche del 6 de mayo de 1884 / _cpor José Ramón Mélida. |
| 260 |
_aMadrid : _b[s.n.], _c1884 _f(Est. Tip. de El Correo) |
||
| 300 |
_a29 páginas ; _c20 cm. |
||
| 610 | 2 | 7 |
_aAteneo de Madrid- _vConferencias- _yS.XIX. _91910 |
| 610 | 2 | 7 |
_aAteneo de Madrid- _vObras digitalizadas. _91930 |
| 650 | 7 |
_aReligión egipcia _2embne _916803 |
|
| 852 |
_aES-MaACL _cDEPOF _gDedicatoria autógrafa del autor _jT-357-F-14 |
||
| 856 |
_uhttp://www.ateneodemadrid.net/biblioteca_digital/folletos/Folletos-0005.pdf _zVer documento |
||
| 942 |
_cFOLLETOS _n0 |
||
| 999 |
_c18705 _d18705 |
||